Fosali - nový rozmer osvetlenia

Guardado en:
Detalles Bibliográficos
Autor principal: Hagarová, Ráchel, 1990-
Formato: Capítulo de libro
Lenguaje:eslovaco
Materias:
Etiquetas: Agregar Etiqueta
Sin Etiquetas, Sea el primero en etiquetar este registro!

MARC

LEADER 00000naa$a2200000$$$4500
001 0225840
005 20240502073714.6
041 0 |a slo 
044 |a SK 
245 1 0 |a Fosali - nový rozmer osvetlenia  |c Ráchel Hagarová 
610 2 0 |a štúdie prípadové 
610 2 0 |a start-up 
610 2 0 |a podnik 
610 2 0 |a dizajn 
610 2 0 |a osvetlenie 
610 2 0 |a lustre 
100 1 |a Hagarová, Ráchel, 1990-